[Event "Chile Championship Women 2022"]
[Site "Las Condes"]
[Date "2022.02.20"]
[Round "4.5"]
[White "Rozas Lazcano, Valeska"]
[Black "Sanchez Tobar, Francisca Valentina"]
[Result "1/2-1/2"]
[WhiteElo "1456"]
[BlackElo "1837"]
[Annotator "NA RC"]
[PlyCount "115"]
[EventDate "2022.02.18"]
[EventType "tourn"]
[EventCountry "CHI"]
[SourceTitle "playchess.com"]
[Source "ChessBase"]
[SourceQuality "1"]
[TimeControl "5400+30"]

1. e4 {[%emt 0:01:29]} e5 {[%emt 0:00:15]} 2. Nf3 {[%emt 0:00:14]} Nc6 {[%emt 0:00:12]} 3. Bb5 {[%emt 0:00:59]} a6 {[%emt 0:02:24]} 4. Ba4 {[%emt 0:00:16]} Nf6 {[%emt 0:00:26]} 5. d3 {[%emt 0:00:07]} b5 {[%emt 0:00:45]} 6. Bb3 {[%emt 0:00:06]} Bc5 {[%emt 0:01:17]} 7. h3 {[%emt 0:00:57] 7.c3 is the modern continuation.} h6 {[%emt 0:01:10]} 8. c3 {[%emt 0:00:20]} Bb6 {[%emt 0:00:37] [#]} 9. Be3 $146 {[%emt 0:01:24]} ({Predecessor:} 9. Nbd2 d6 10. Nf1 Be6 11. Bxe6 fxe6 12. Ne3 Ne7 13. O-O Ng6 14. Qc2 Qd7 15. d4 exd4 16. cxd4 {1-0 (50) Tabola,M (1800)-Sosnowska,A Krynica 2003}) 9... Rb8 {[%emt 0:03:27]} 10. Nbd2 {[%emt 0:04:59]} d6 {[%emt 0:00:33]} 11. a4 {[%emt 0:05:29]} O-O {[%emt 0:07:57]} 12. O-O {[%emt 0:01:09]} Ne7 {[%emt 0:00:23]} 13. a5 {[%emt 0:05:38]} Bxe3 {[%emt 0:01:30]} 14. fxe3 {[%emt 0:00:07]} Ng6 {[%emt 0:00:36]} 15. Bc2 {[%emt 0:03:47]} d5 {[%emt 0:09:04]} 16. d4 {[%emt 0:09:23]} dxe4 {[%emt 0:09:48]} 17. Nxe4 {[%emt 0:08:03]} Nd5 {[%emt 0:04:57]} 18. Qd2 {[%emt 0:10:19]} f5 {[%emt 0:13:14]} 19. Nc5 {[%emt 0:13:12]} e4 {[%emt 0:01:41]} 20. Nh2 {[%emt 0:12:20]} Kh8 {[%emt 0:09:59]} 21. Bb3 {[%emt 0:01:22]} Rf6 {[%emt 0:06:27]} 22. Qe2 {[%emt 0:04:16]} c6 {[%emt 0:07:15]} 23. Bxd5 {[%emt 0:09:32]} cxd5 {[%emt 0:01:19]} 24. b3 {[%emt 0:01:05]} f4 {[%emt 0:00:41]} 25. Ng4 {[%emt 0:03:14]} Bxg4 {[%emt 0:01:52]} 26. Qxg4 {[%emt 0:01:21]} fxe3 {[%emt 0:11:16]} 27. Rxf6 {[%emt 0:00:45]} Qxf6 {[%emt 0:00:01]} 28. Rf1 {[%emt 0:00:11]} Qg5 {[%emt 0:00:50]} (28... Qd6 $11 {is superior.}) 29. Qxg5 {[%emt 0:00:18]} hxg5 {[%emt 0:00:01]} 30. Re1 {[%emt 0:00:01]} Rc8 {[%emt 0:02:11]} (30... Nf4 $11 {remains equal.}) 31. Rxe3 {[%emt 0:00:14]} Nf4 {[%emt 0:00:33]} 32. Kh2 {[%emt 0:01:11]} ({White should play} 32. Kf2 $14) 32... Rc6 {[%emt 0:00:34]} 33. Kg3 {[%emt 0:01:42]} Rf6 {[%emt 0:00:42]} 34. c4 {[%emt 0:00:53]} dxc4 {[%emt 0:02:39]} 35. bxc4 {[%emt 0:00:10]} bxc4 {[%emt 0:00:15]} 36. Nxe4 {[%emt 0:00:13]} Re6 {[%emt 0:00:30]} 37. Kf3 {[%emt 0:00:45]} Nd5 {[%emt 0:00:02]} 38. Re2 {[%emt 0:00:14]} Rc6 {[%emt 0:00:57]} 39. Nxg5 {[%emt 0:00:42]} g6 {[%emt 0:00:30]} 40. Ne4 {[%emt 0:00:06]} Nb4 {[%emt 0:00:37]} 41. Nc3 {[%emt 0:00:50]} Rd6 {[%emt 0:00:00]} 42. d5 {[%emt 0:00:06]} Nxd5 {[%emt 0:00:22]} 43. Nxd5 {[%emt 0:01:25]} Rxd5 {[%emt 0:00:01]} 44. Rc2 {[%emt 0:00:01]} Rxa5 {[%emt 0:00:19]} 45. Rxc4 {[%emt 0:00:07]} Kg7 {[%emt 0:00:16]} 46. h4 {[%emt 0:00:47]} Ra1 {[%emt 0:00:05]} 47. g4 {[%emt 0:00:32]} a5 {[%emt 0:00:41]} 48. Rc7+ {[%emt 0:00:16]} Kg8 {[%emt 0:01:30]} 49. Rc6 {[%emt 0:00:12]} Kg7 {[%emt 0:00:51]} 50. Rc7+ {[%emt 0:00:05]} Kg8 {[%emt 0:01:08]} 51. Kf4 {[%emt 0:00:12]} a4 {[%emt 0:00:19]} 52. Kg5 {[%emt 0:00:26]} a3 $2 {[%emt 0:00:37]} (52... Rb1 $11) 53. Kxg6 $18 {[%emt 0:00:04]} Kf8 {[%emt 0:00:03]} 54. Ra7 {[%emt 0:00:34]} a2 {[%emt 0:00:13]} 55. h5 {[%emt 0:00:06]} Rg1 {[%emt 0:00:13]} 56. Ra8+ {[%emt 0:01:41]} Ke7 {[%emt 0:00:08]} 57. Rxa2 {[%emt 0:00:19]} Rxg4+ {[%emt 0:00:02]} 58. Kh7 {[%emt 0:00:10]} 1/2-1/2

[Event "Chile Championship Women 2022"]
[Site "Las Condes"]
[Date "2022.02.21"]
[Round "5.1"]
[White "Fuentes Inzunza, Lesly"]
[Black "Rozas Lazcano, Valeska"]
[Result "0-1"]
[WhiteElo "1816"]
[BlackElo "1456"]
[Annotator "NA"]
[PlyCount "60"]
[EventDate "2022.02.18"]
[EventType "tourn"]
[EventCountry "CHI"]
[SourceTitle "playchess.com"]
[Source "ChessBase"]
[SourceQuality "1"]
[TimeControl "5400+30"]

1. d4 {[%emt 0:02:03]} Nf6 {[%emt 0:00:17]} 2. Nf3 {[%emt 0:00:58]} g6 {[%emt 0:00:11]} 3. g3 {[%emt 0:00:36]} Bg7 {[%emt 0:00:05]} 4. Bg2 {[%emt 0:00:17]} d6 {[%emt 0:00:08]} 5. O-O {[%emt 0:02:10]} O-O {[%emt 0:00:06]} 6. Nbd2 {[%emt 0:02:36]} c5 {[%emt 0:00:41]} 7. c3 {[%emt 0:03:37]} Nc6 {[%emt 0:01:35]} 8. h3 {[%emt 0:01:07]} Rb8 {[%emt 0:03:22]} 9. a4 {[%emt 0:02:58]} a6 {[%emt 0:00:38]} 10. e4 {[%emt 0:01:17]} e6 {[%emt 0:10:29]} 11. Rb1 {[%emt 0:18:35]} b5 {[%emt 0:12:42]} 12. b4 {[%emt 0:09:34]} c4 {[%emt 0:07:25]} 13. a5 {[%emt 0:01:23]} Bb7 {[%emt 0:02:25]} 14. Re1 {[%emt 0:01:51]} Nd7 {[%emt 0:02:21]} 15. Nf1 {[%emt 0:01:51]} h6 {[%emt 0:03:03]} 16. Qc2 {[%emt 0:08:10]} Re8 {[%emt 0:07:02]} 17. Bd2 {[%emt 0:06:38]} Ne7 {[%emt 0:08:53]} 18. Rbd1 {[%emt 0:04:23]} Qc7 {[%emt 0:02:10]} 19. Qc1 {[%emt 0:07:04]} Kh7 {[%emt 0:00:25]} 20. h4 {[%emt 0:01:07]} f5 {[%emt 0:02:26]} 21. exf5 {[%emt 0:05:04]} exf5 {[%emt 0:02:06]} 22. h5 {[%emt 0:10:18]} g5 {[%emt 0:02:54]} 23. N3h2 {[%emt 0:07:03]} Bxg2 {[%emt 0:01:32]} 24. Kxg2 {[%emt 0:00:02]} Nf6 {[%emt 0:00:10]} 25. Qc2 {[%emt 0:00:30]} Qd7 {[%emt 0:03:18]} 26. g4 {[%emt 0:00:32]} Kg8 {[%emt 0:00:41]} 27. gxf5 {[%emt 0:01:24]} Nxf5 {[%emt 0:00:12]} 28. Ng3 {[%emt 0:00:45]} Nh4+ {[%emt 0:02:08]} 29. Kg1 {[%emt 0:00:36]} Qh3 {[%emt 0:00:20]} 30. Rxe8+ {[%emt 0:00:21]} Rxe8 {[%emt 0:00:17]} 0-1

[Event "Chile Championship Women 2022"]
[Site "Las Condes"]
[Date "2022.02.21"]
[Round "5.2"]
[White "Luna Benalcazar, Gianella"]
[Black "Araos Diaz, Constanza Paz"]
[Result "1-0"]
[WhiteElo "1736"]
[BlackElo "1435"]
[Annotator "NA"]
[PlyCount "63"]
[EventDate "2022.02.18"]
[EventType "tourn"]
[EventCountry "CHI"]
[SourceTitle "playchess.com"]
[Source "ChessBase"]
[SourceQuality "1"]
[TimeControl "5400+30"]

1. e4 {[%emt 0:05:50]} d5 {[%emt 0:00:01]} 2. exd5 {[%emt 0:00:10]} Qxd5 {[%emt 0:00:02]} 3. Nc3 {[%emt 0:00:01]} Qd6 {[%emt 0:00:14]} 4. d4 {[%emt 0:00:09]} Nf6 {[%emt 0:00:05]} 5. Nf3 {[%emt 0:00:16]} Bg4 {[%emt 0:00:10]} 6. h3 {[%emt 0:00:29]} Bxf3 {[%emt 0:00:07]} 7. Qxf3 {[%emt 0:00:06]} c6 {[%emt 0:00:05]} 8. Be3 {[%emt 0:00:12]} e6 {[%emt 0:00:08]} 9. O-O-O {[%emt 0:00:45]} Be7 {[%emt 0:00:47]} 10. Kb1 {[%emt 0:00:09]} O-O {[%emt 0:00:08]} 11. g4 {[%emt 0:00:09]} Nd5 {[%emt 0:00:27]} 12. Ne4 {[%emt 0:03:51]} Qc7 {[%emt 0:00:53]} 13. c4 {[%emt 0:07:10]} Nxe3 {[%emt 0:00:51]} 14. fxe3 {[%emt 0:02:29]} f5 {[%emt 0:11:06]} 15. Nc3 {[%emt 0:04:57]} g6 {[%emt 0:13:19]} 16. h4 {[%emt 0:02:01]} Nd7 {[%emt 0:16:55]} 17. g5 {[%emt 0:06:30]} Nb6 {[%emt 0:05:43]} 18. Qh3 {[%emt 0:09:20]} Kg7 {[%emt 0:02:28]} 19. Be2 {[%emt 0:11:59]} Bb4 {[%emt 0:07:29]} 20. h5 {[%emt 0:06:21]} Rh8 {[%emt 0:00:48]} 21. e4 {[%emt 0:09:23]} Rad8 {[%emt 0:21:11]} 22. c5 {[%emt 0:02:27]} Nd7 {[%emt 0:00:32]} 23. h6+ {[%emt 0:05:59]} Kf7 {[%emt 0:00:12]} 24. exf5 {[%emt 0:00:29]} exf5 {[%emt 0:00:30]} 25. Bc4+ {[%emt 0:00:45]} Kf8 {[%emt 0:01:42]} 26. Rhf1 {[%emt 0:09:45]} Re8 {[%emt 0:02:22]} 27. Ne2 {[%emt 0:02:47]} b5 {[%emt 0:01:24]} 28. Bd3 {[%emt 0:00:18]} Qd8 {[%emt 0:04:57]} 29. Bxf5 {[%emt 0:03:55]} Rxe2 {[%emt 0:02:54]} 30. Bxg6+ {[%emt 0:02:19]} Kg8 {[%emt 0:00:16]} 31. Qb3+ {[%emt 0:00:08]} Re6 {[%emt 0:00:32]} 32. Qxe6# {[%emt 0:00:05]} 1-0

[Event "Chile Championship Women 2022"]
[Site "Las Condes"]
[Date "2022.02.21"]
[Round "5.3"]
[White "Gomez Barrera, Javiera Belen"]
[Black "Toro Pradenas, Maria Jose"]
[Result "1-0"]
[WhiteElo "2199"]
[BlackElo "1979"]
[Annotator "ChessBase"]
[PlyCount "85"]
[EventDate "2022.02.18"]
[EventType "tourn"]
[EventCountry "CHI"]
[SourceTitle "playchess.com"]
[Source "ChessBase"]
[SourceQuality "1"]
[TimeControl "5400+30"]

1. e4 {[%emt 1:31:00]} e5 {[%emt 0:10:39]} 2. Nf3 {[%emt 0:00:00]} Nc6 {[%emt 0:00:07]} 3. Bc4 {[%emt 0:00:00]} Bc5 {[%emt 0:00:22]} 4. d3 {[%emt 0:00:00]} Nf6 {[%emt 0:00:53]} 5. O-O {[%emt 0:00:00]} d6 {[%emt 0:00:57]} 6. c3 {[%emt 0:00:00]} O-O {[%emt 0:01:56]} 7. h3 {[%emt 0:00:00]} h6 {[%emt 0:01:01]} 8. Re1 {[%emt 0:00:00]} a6 {[%emt 0:03:04]} 9. a4 {[%emt 0:00:00]} Re8 {[%emt 0:07:02]} 10. a5 {[%emt 0:00:00]} b5 {[%emt 0:08:39]} 11. axb6 {[%emt 0:00:00]} Bxb6 {[%emt 0:00:11]} 12. Nbd2 {[%emt 0:00:00]} Na5 {[%emt 0:19:39]} 13. Ba2 {[%emt 0:00:00]} Be6 {[%emt 0:02:50]} 14. b4 {[%emt 0:00:00]} Nb7 {[%emt 0:08:19]} 15. Bxe6 {[%emt 0:00:00]} Rxe6 {[%emt 0:04:21]} 16. Nc4 {[%emt 0:00:00]} a5 {[%emt 0:17:04]} 17. Qb3 {[%emt 0:00:00]} axb4 {[%emt 0:07:48]} 18. Rxa8 {[%emt 0:00:00]} Qxa8 {[%emt 0:00:03]} 19. Nxb6 {[%emt 0:00:00]} cxb6 {[%emt 0:00:07]} 20. cxb4 {[%emt 0:00:00]} Nd8 {[%emt 0:02:59]} 21. Be3 {[%emt 0:00:00]} d5 {[%emt 0:00:28]} 22. exd5 {[%emt 0:00:00]} Qxd5 {[%emt 0:00:05]} 23. Qc3 {[%emt 0:00:07]} Rc6 {[%emt 0:02:04]} 24. Qxe5 {[%emt 0:01:20]} Qxd3 {[%emt 0:00:05]} 25. Nd4 {[%emt 0:03:42]} Rc8 {[%emt 0:01:21]} 26. Bxh6 {[%emt 0:02:14]} Nc6 {[%emt 0:00:42]} 27. Nxc6 {[%emt 0:01:34]} Rxc6 {[%emt 0:00:04]} 28. Bg5 {[%emt 0:02:28]} Qd6 {[%emt 0:01:02]} 29. Qf5 {[%emt 0:00:22]} g6 {[%emt 0:00:33]} 30. Qf3 {[%emt 0:00:44]} Kg7 {[%emt 0:00:17]} 31. Rd1 {[%emt 0:00:51]} Qe6 {[%emt 0:01:18]} 32. Rd8 {[%emt 0:01:33]} Qe1+ {[%emt 0:00:00]} 33. Kh2 {[%emt 0:00:01]} Qe5+ {[%emt 0:00:00]} 34. Bf4 {[%emt 0:00:37]} Qe6 {[%emt 0:00:23]} 35. b5 {[%emt 0:00:48]} Rc5 {[%emt 0:00:42]} 36. Rd6 {[%emt 0:00:24]} Qf5 {[%emt 0:00:50]} 37. g4 {[%emt 0:00:36]} Qe4 {[%emt 0:00:28]} 38. Qxe4 {[%emt 0:00:36]} Nxe4 {[%emt 0:00:00]} 39. Rxb6 {[%emt 0:00:10]} Nxf2 {[%emt 0:00:59]} 40. Rb8 {[%emt 0:00:49]} Nd3 {[%emt 0:00:15]} 41. Be3 {[%emt 0:00:30]} Rc2+ {[%emt 0:00:49]} 42. Kg3 {[%emt 0:00:04]} f6 {[%emt 0:00:32]} 43. b6 {[%emt 0:00:53]} 1-0

[Event "Chile Championship Women 2022"]
[Site "Las Condes"]
[Date "2022.02.21"]
[Round "5.4"]
[White "Reyes Jara, Paula"]
[Black "Vildosola Canales, Melany Selena"]
[Result "1-0"]
[WhiteElo "1880"]
[BlackElo "1645"]
[Annotator "NA"]
[PlyCount "83"]
[EventDate "2022.02.18"]
[EventType "tourn"]
[EventCountry "CHI"]
[SourceTitle "playchess.com"]
[Source "ChessBase"]
[SourceQuality "1"]
[TimeControl "5400+30"]

1. e4 {[%emt 0:00:20]} c5 {[%emt 0:00:25]} 2. Nf3 {[%emt 0:00:55]} Nc6 {[%emt 0:00:07]} 3. d4 {[%emt 0:00:07]} cxd4 {[%emt 0:00:05]} 4. Nxd4 {[%emt 0:00:05]} Nf6 {[%emt 0:00:05]} 5. Nc3 {[%emt 0:00:08]} e5 {[%emt 0:00:06]} 6. Ndb5 {[%emt 0:00:22]} d6 {[%emt 0:00:07]} 7. Bg5 {[%emt 0:00:41]} a6 {[%emt 0:00:30]} 8. Na3 {[%emt 0:03:23]} b5 {[%emt 0:00:08]} 9. Bxf6 {[%emt 0:00:07]} gxf6 {[%emt 0:00:05]} 10. Nd5 {[%emt 0:00:04]} Bg7 {[%emt 0:00:05]} 11. c3 {[%emt 0:01:24]} Ne7 {[%emt 0:00:13]} 12. Nc2 {[%emt 0:02:04]} f5 {[%emt 0:06:11]} 13. Nxe7 {[%emt 0:00:33]} Qxe7 {[%emt 0:00:51]} 14. exf5 {[%emt 0:00:20]} O-O {[%emt 0:11:32]} 15. Ne3 {[%emt 0:00:26]} Bb7 {[%emt 0:02:56]} 16. Qg4 {[%emt 0:02:10]} d5 {[%emt 0:04:26]} 17. Be2 {[%emt 0:06:57]} Rfe8 {[%emt 0:10:21]} 18. O-O {[%emt 0:00:54]} Kh8 {[%emt 0:05:42]} 19. Qh5 {[%emt 0:02:19]} Rg8 {[%emt 0:13:04]} 20. Bd3 {[%emt 0:04:29]} e4 {[%emt 0:06:26]} 21. Bc2 {[%emt 0:00:05]} Rad8 {[%emt 0:03:50]} 22. Bb3 {[%emt 0:04:34]} Bf8 {[%emt 0:11:38]} 23. Rad1 {[%emt 0:00:56]} Rg5 {[%emt 0:03:45]} 24. Qh3 {[%emt 0:02:28]} Qe5 {[%emt 0:05:51]} 25. g3 {[%emt 0:05:19]} Bg7 {[%emt 0:05:38]} 26. Rfe1 {[%emt 0:02:55]} a5 {[%emt 0:06:06]} 27. Qf1 {[%emt 0:08:02]} Bc6 {[%emt 0:01:51]} 28. Qe2 {[%emt 0:02:30]} Bf6 {[%emt 0:00:42]} 29. Rd2 {[%emt 0:01:59]} d4 {[%emt 0:00:57]} 30. cxd4 {[%emt 0:00:12]} Rxd4 {[%emt 0:00:20]} 31. Bxf7 {[%emt 0:00:38]} Rxd2 {[%emt 0:00:26]} 32. Qxd2 {[%emt 0:00:46]} Rg7 {[%emt 0:01:05]} 33. Be6 {[%emt 0:01:18]} h5 {[%emt 0:00:45]} 34. Qe2 {[%emt 0:02:32]} Rh7 {[%emt 0:00:25]} 35. Rc1 {[%emt 0:00:15]} Bb7 {[%emt 0:00:26]} 36. b3 {[%emt 0:00:27]} Qb2 {[%emt 0:00:32]} 37. Qxb2 {[%emt 0:01:02]} Bxb2 {[%emt 0:00:01]} 38. Rc5 {[%emt 0:00:11]} b4 {[%emt 0:01:05]} 39. Nc4 {[%emt 0:00:45]} Bd4 {[%emt 0:00:35]} 40. Rxa5 {[%emt 0:00:09]} Bc3 {[%emt 0:00:27]} 41. Nd6 {[%emt 0:05:57]} h4 {[%emt 0:00:37]} 42. Nxb7 {[%emt 0:02:22]} 1-0

[Event "Chile Championship Women 2022"]
[Site "Las Condes"]
[Date "2022.02.22"]
[Round "5.5"]
[White "Morales Flores, Monserrat"]
[Black "Lemus Pena, Macarena"]
[Result "1-0"]
[WhiteElo "1943"]
[BlackElo "1703"]
[Annotator "TA"]
[PlyCount "123"]
[EventDate "2022.02.18"]
[EventType "tourn"]
[EventCountry "CHI"]
[SourceTitle "playchess.com"]
[Source "ChessBase"]
[SourceQuality "1"]

{[%evp 20,123,0,-11,0,0,33,31,134,125,119,-23,-24,-22,-20,-20,-22,-39,-27,-44,-6,-14,13,0,0,0,0,-22,0,0,25,25,41,13,24,14,20,22,68,68,100,75,53,58,215,204,308,327,354,147,498,508,506,508,501,492,479,475,463,444,557,567,555,488,1348,1180,12837,12838,12841,12839,12842,12840,12842,12839,12843,12841,12846,12846,12847,12847,12848,12848,27995,27995,27996,27994,27995,27995,27996,27996,27997,27997,27997,27998,27999,27999,27992,27999,27999,27999,27996,27996,27997,27997,27998,27998]} 1. e4 {ChessBase II} e6 2. d4 d5 3. Nc3 Nf6 4. e5 Nfd7 5. f4 c5 6. Nf3 Nc6 7. Be3 cxd4 8. Nxd4 Bc5 9. Be2 Qb6 10. Na4 Qa5+ 11. c3 Bxd4 {C11: French: Classical System: 4 e5 and 4 Bg5 dxe4.} 12. Bxd4 b5 13. Nc5 {Black must now prevent b4.} Nxc5 (13... Nxd4 $14 14. Qxd4 Nxc5 15. Qxc5 Bd7) 14. Bxc5 $16 b4 15. cxb4 (15. Bd6 $16) 15... Nxb4 $11 16. Bxb4 Qxb4+ 17. Qd2 Rb8 {Strongly threatening ...Qxd2+.} 18. b3 Qb6 {[#]} 19. Bd3 $146 ({Predecessor:} 19. Rd1 a5 20. f5 Ba6 21. Rf1 Bxe2 22. Qxe2 Qb4+ 23. Rd2 Rc8 24. Kf2 Qc5+ 25. Qe3 Qxe3+ 26. Kxe3 {½-½ (68) Eminov,O-Pallardo Lozoya,J (2187) Peniscola 2002 CBM 090 Extra [ChessBase II]}) 19... O-O (19... Ba6 {with more complications.} 20. Bxa6 Qxa6 21. Kf2 O-O 22. g3 Qb6+) 20. Qf2 f6 21. Qxb6 {Active counter play!} Rxb6 22. Ke2 Ba6 23. Rac1 Bxd3+ 24. Kxd3 {[%mdl 4096] Endgame KRR-KRR} Rb7 25. exf6 gxf6 26. Rhe1 Kf7 27. Rc6 Re8 28. Re3 Rb6 (28... Ree7 $11) 29. Rc7+ $1 $14 Re7 30. Rxe7+ Kxe7 $16 {KR-KR} 31. Rh3 a6 $2 {[#]} ({Black should play} 31... Ra6 $14) 32. Rxh7+ $18 Kf8 (32... Kd6 $142 33. Ra7 e5) 33. Ra7 Ke8 34. Rc7 (34. h4 $18 {and White stays clearly on top.}) 34... e5 $2 {[%mdl 8192] Loses the game.} (34... Rb4 $16 {is more resistant.}) 35. fxe5 fxe5 36. Rc5 Rd6 37. h4 Kf7 38. g4 Ke6 39. h5 Kf6 40. Rc8 d4 41. Rf8+ Kg5 (41... Kg7 $142 42. Re8 Kf6) 42. Rf5+ Kxg4 43. Rxe5 Kf3 44. b4 Rb6 45. a3 {[%cal Ba2a3,Ba3a4,Ba4a5][%mdl 32]} Rd6 46. a4 Rb6 47. b5 Rd6 48. bxa6 Rxa6 49. a5 Rd6 50. h6 Rxh6 51. Kxd4 {White mates.} Kf4 52. Rb5 Ra6 53. Kc4 Ke4 54. Rh5 Ra8 55. Kb5 Kd4 56. Kc6 Kc4 57. Kb7 Rg8 58. Rh7 Kb5 59. a6 Rg6 60. a7 Rb6+ 61. Kc8 Rc6+ 62. Kb8 {Weighted Error Value: White=0.14 (very precise) /Black=0.52} 1-0

[Event "Chile Championship Women 2022"]
[Site "Las Condes"]
[Date "2022.02.22"]
[Round "6.1"]
[White "Vildosola Canales, Melany Selena"]
[Black "Morales Flores, Monserrat"]
[Result "1/2-1/2"]
[WhiteElo "1645"]
[BlackElo "1943"]
[Annotator "TA"]
[PlyCount "41"]
[EventDate "2022.02.18"]
[EventType "tourn"]
[EventCountry "CHI"]
[SourceTitle "playchess.com"]
[Source "ChessBase"]
[SourceQuality "1"]

{[%evp 13,41,35,33,44,32,16,32,24,102,19,35,19,22,-4,29,-13,60,63,66,7,16,28,64,68,75,74,77,83,94,24]} 1. e4 c5 2. Nf3 e6 3. d4 cxd4 4. Nxd4 a6 5. Bd3 Bc5 6. Nb3 Ba7 7. Qe2 $1 {7.Qe2 scores better than 7.0-0.} d6 8. Be3 {B42: Sicilian: Kan Variation: 5 Bd3.} Nf6 9. Nc3 Bxe3 10. Qxe3 {White is slightly better.} ({But not} 10. fxe3 Nc6 $15) 10... b5 {[#]} (10... O-O $11 {keeps the balance.}) 11. O-O-O (11. e5 $1 $16 {[%cal Re5f6]} dxe5 12. Be4 Nxe4 13. Qxe4) 11... Nc6 $11 12. f4 {Threatens to win with e5.} b4 13. Ne2 {[%cal Og2g4]} Qc7 {[#]} 14. Rhg1 $146 (14. g4 {feels stronger.}) ({Predecessor:} 14. g4 e5 15. g5 Nd7 16. f5 a5 17. Kb1 a4 18. Nbc1 Na5 19. Ng3 a3 20. g6 {0-1 (42) Wongsawan,T (1822)-Teerapabpaisit,W (2154) Bangkok 2020}) 14... Bd7 (14... e5 $11) 15. g4 $14 {[%cal Bg2g4,Bg4g5][%mdl 32]} a5 {[%cal Ba6a5,Ba5a4][%mdl 32]} 16. Kb1 (16. Nd2 $14) 16... a4 17. Nbd4 Qa7 18. g5 Nh5 {[#]} 19. Bb5 $1 {White is more active. White is better.} Qc5 20. Qf3 {Black must now prevent Bxc6.} g6 21. Rgf1 {Weighted Error Value: White=0.28 (precise) /Black=0.23 (precise)} ({White should play} 21. e5 $1 $16 d5 22. f5 Nxe5 23. Bxd7+ (23. Qe3 Bxb5 24. Qxe5 O-O-O $16) 23... Kxd7 24. fxe6+ fxe6 25. Qe3 (25. Qh3 Rhe8 $11)) 1/2-1/2

[Event "Chile Championship Women 2022"]
[Site "Las Condes"]
[Date "2022.02.23"]
[Round "6.2"]
[White "Toro Pradenas, Maria Jose"]
[Black "Reyes Jara, Paula"]
[Result "1/2-1/2"]
[WhiteElo "1979"]
[BlackElo "1880"]
[Annotator "TA"]
[PlyCount "134"]
[EventDate "2022.02.18"]
[EventType "tourn"]
[EventCountry "CHI"]
[SourceTitle "playchess.com"]
[Source "ChessBase"]
[SourceQuality "1"]

{[%evp 22,134,29,25,56,50,102,66,81,33,30,-6,-12,-11,-11,-11,0,-47,-3,-75,-6,-171,105,97,101,-42,-53,-44,-49,-80,-77,-80,-106,-104,-96,-94,-83,-152,-153,-196,-164,-245,-248,-247,0,0,0,0,0,0,0,-175,0,0,0,-22,-14,-8,0,-231,0,0,0,0,0,0,0,1,89,78,95,0,183,183,335,218,225,198,247,230,378,356,400,265,410,412,402,417,434,435,378,307,324,257,270,225,241,145,131,12,12,12,37,37,37,37,145,145,145,0,133,0,140,-671,107]} 1. e4 e5 2. Nf3 Nc6 3. Bb5 a6 4. Ba4 Nf6 5. O-O Be7 6. Re1 b5 7. Bb3 O-O 8. c3 d6 9. h3 Na5 10. Bc2 c5 11. d4 exd4 12. cxd4 Nc6 {C96: Closed Ruy Lopez: Chigorin Defence: 11 d4, replies other than 11...Qc7.} 13. Nc3 Re8 (13... cxd4 $14 14. Nxd4 Nxd4 15. Qxd4 Be6) 14. Bf4 Bb7 {White is slightly better.} 15. Qd2 {[#]} (15. d5 $16 Na5 16. b3) 15... Nh5 $146 ({Predecessor:} 15... Bf8 16. Bg5 h6 17. Bh4 cxd4 18. Nxd4 Ne5 19. b3 Rc8 20. Rac1 Ng6 21. Bg3 Qa5 {½-½ (56) Moshovakis,A (1933)-Grammatikaki,A (1524) Malevizi 2016}) 16. Nd5 Nxf4 17. Qxf4 Nxd4 18. Nxd4 {Pair of Knights!} Bg5 19. Qf3 (19. Qg3 $1 $11 {is more appropriate.} cxd4 20. Bb3) 19... cxd4 (19... Bxd5 $15 20. exd5 Rxe1+ 21. Rxe1 cxd4) 20. Qd3 (20. Bb3 $1 $11) 20... Rc8 (20... Bxd5 $17 21. exd5 Rxe1+ 22. Rxe1 g6) 21. f4 $2 (21. Bb3 $11) 21... Bf6 $2 {[#]} (21... Bh4 $19 22. Re2 Bxd5 23. exd5 g6 24. Rxe8+ Qxe8) 22. e5 $1 $16 {White is more active.} Rxc2 (22... Bxd5 {gets mated.} 23. Qxh7+ Kf8 24. exf6 Rxe1+ 25. Rxe1 gxf6 26. Qh8#) 23. Nxf6+ {Really sharp!} (23. exf6 $16 Rxg2+ 24. Kxg2 Bxd5+ 25. Kh2) 23... gxf6 $15 24. Qxc2 {Threatens to win with exd6.} dxe5 {[%cal Bd6e5,Be5e4][%mdl 32]} 25. Qc5 {[%cal Rf4e5] [#]} e4 $1 $36 {[%mdl 2048] Keeping White busy.} 26. Rad1 d3 27. Re3 Kh8 28. Kf2 Qd7 29. Rd2 (29. Rc1 $142) 29... Rc8 $17 30. Qh5 (30. Qb6 $17 Rc6 31. Qa7) 30... Qc7 31. Qf5 (31. Qh6 $142 Qd6 32. Kf1) 31... Qb6 $19 32. Qd7 Qc7 $2 (32... Kg8 $19 33. Qg4+ Kh8) 33. Qxc7 $11 Rxc7 {[%mdl 4096] Endgame KRR-KRB} 34. Re1 f5 35. g4 Bc8 36. Ke3 $2 (36. Rg1 $11) 36... Kg7 $2 ({Black should try} 36... fxg4 $19 37. hxg4 Bxg4) 37. Rg1 Kf6 38. b3 Be6 39. Kd4 a5 40. h4 $2 (40. gxf5 $11 {and White stays safe.} Bxf5 41. Rg8) 40... a4 $2 (40... fxg4 $19 {...Kf5 is the strong threat.} 41. Kxe4 Bf5+ 42. Ke3 h5) 41. gxf5 Bxf5 (41... Kxf5 $2 42. Rg5+ Kf6 43. Kxe4 $18) 42. bxa4 bxa4 43. Rb1 Rd7+ 44. Ke3 Ra7 (44... h5 $11 {remains equal.}) 45. Rb6+ $16 {[%mdl 1024] White has strong compensation.} Ke7 {[#]} 46. a3 ({Better is} 46. Rdb2 $1 $16) 46... h5 $2 (46... Rc7 $11 {and Black has nothing to worry.}) 47. Rdb2 $18 Kf8 $2 (47... Rd7 48. Ra6 Rd5 49. Rxa4 Rc5 50. Ra7+ Kf6) 48. R6b5 Bg4 49. Kxe4 Rd7 (49... Rc7 $142 50. Kxd3 Rc1) 50. Ke3 Be2 (50... d2 $142 51. Rxd2 Re7+ 52. Kd4 Re1) 51. Kd2 Re7 52. R5b4 {Hoping for Rb7.} Bf1 (52... Bg4 {might work better.} 53. Kxd3 Bd7) 53. Rxa4 Re2+ 54. Kc3 Re3 55. Ra8+ Kg7 56. Rf2 Be2 57. a4 Rh3 58. a5 Rxh4 59. a6 {And now a7 would win.} Rh1 60. a7 ({White should play} 60. Rg2+ $16 Kf6 61. Rg5) 60... Ra1 $1 $11 61. Kd2 Ra2+ 62. Ke3 Kf6 63. Rg2 Kf5 (63... Ra3 $14) 64. Rg5+ $16 Kf6 65. Rg2 Kf5 $1 66. Rg5+ Kf6 67. Ke4 $2 {[%mdl 8192]} (67. Rd5 $16 Bg4 68. Rxd3) 67... Bf1 $2 {Both players deserved the win here.  Weighted Error Value: White=0.52/Black=0.57} (67... d2 $19 68. Rf5+ Kg7) 1/2-1/2